| 000 | 00929nam a22002297a 4500 | ||
|---|---|---|---|
| 003 | 0 | ||
| 005 | 20250113154436.0 | ||
| 008 | 241107b xxu||||| |||| 00| 0 eng d | ||
| 050 |
_aPHS DS 679.5 _b.C115 2024 |
||
| 100 |
_aCabiles, John Matthew Bryan S., _eauthor. |
||
| 245 |
_aAgaw-armas : _bFilipino military weapons and tactics during the Philippine Revolution (1896-1898) / _cJohn Matthew Bryan S. Cabiles. |
||
| 260 |
_aLas PiƱas : _bSouthville International School and Colleges, _c2024. |
||
| 300 |
_av, 142 p. : _bcol. ill. ; _c30 cm. |
||
| 504 | _aIncludes bibliographical references. | ||
| 650 | _aPhilippine Revolution, 1896-1898. | ||
| 650 |
_aWeapons, Military _vHistory. _zPhilippines |
||
| 650 | _aTactics, Military. | ||
| 650 |
_aGuerrilla warfare _vHistory. _zPhilippines |
||
| 650 |
_aArms & armor _zPhilippines. |
||
| 651 |
_aPhilippines _vHistory _zRevolution, 1896-1898 _xMilitary aspects |
||
| 942 |
_2lcc _cPASS |
||
| 999 |
_c366656 _d366656 |
||